Largest Cities in the Caribbean on the Map - Statistics

General Stats
  • This quiz has been taken 623 times
  • The average score is 7 of 14
Answers on the Map
Answers color-coded by a green-red scale on the quiz's map according to % correct below.
 
Answer Stats
Cities Population % Correct
Havana 2,106,146
99%
Kingston 1,041,084
97%
Santo Domingo 2,908,607
97%
Port-au-Prince 2,618,894
96%
San Juan 2,350,126
89%
Port of Spain 600,000
82%
Santiago de Cuba 1,049,084
53%
Camagüey 321,992
26%
Ponce 243,147
25%
Santiago de los Caballeros 691,262
21%
Holguín 346,191
19%
Puerto Plata 286,558
16%
La Romana 250,000
14%
Aguadilla 306,292
7%
No matching quizzes found
Score Distribution
Percent of People with Each Score
Percentile by Number Answered
Your Score History
You have not taken this quiz